Beauty of the Himalayas / (Record no. 136111)
[ view plain ]
| 000 -LEADER | |
|---|---|
| fixed length control field | 00650nam a22002177a 4500 |
| 005 - DATE AND TIME OF LATEST TRANSACTION | |
| control field | 20170124110254.0 |
| 010 ## - LIBRARY OF CONGRESS CONTROL NUMBER | |
| LC control number | B-021620 |
| 020 ## - INTERNATIONAL STANDARD BOOK NUMBER | |
| Terms of availability | 400.00 |
| 035 ## - SYSTEM CONTROL NUMBER | |
| System control number | B-021620 |
| 037 ## - SOURCE OF ACQUISITION | |
| Source of stock number/acquisition | Cen Lib/Ret |
| 040 ## - CATALOGING SOURCE | |
| Original cataloging agency | DPL |
| Language of cataloging | EN |
| 082 ## - DEWEY DECIMAL CLASSIFICATION NUMBER | |
| Classification number | 954.56 |
| Item number | BAL |
| 100 ## - MAIN ENTRY--PERSONAL NAME | |
| Personal name | Balwant Singh |
| 9 (RLIN) | 4941 |
| 245 ## - TITLE STATEMENT | |
| Title | Beauty of the Himalayas / |
| Statement of responsibility, etc | by Balwant Singh |
| 260 ## - PUBLICATION, DISTRIBUTION, ETC. (IMPRINT) | |
| Name of publisher, distributor, etc | Balwant Singh |
| Place of publication, distribution, etc | Saharanpur |
| Date of publication, distribution, etc | 1999 |
| 270 ## - ADDRESS | |
| City | Saharanpur |
| Postal code | 247001 |
| Address | A-2/5, purana avas vikas colony |
| 300 ## - PHYSICAL DESCRIPTION | |
| Extent | 302p. |
| Dimensions | 21cm(Hb) |
| 650 ## - SUBJECT ADDED ENTRY--TOPICAL TERM | |
| Topical term or geographic name as entry element | Beauty of Himalayas |
| 9 (RLIN) | 108670 |
| 650 ## - SUBJECT ADDED ENTRY--TOPICAL TERM | |
| Topical term or geographic name as entry element | Himalayas -- Cultural Herritage |
| 9 (RLIN) | 108671 |
| 942 ## - ADDED ENTRY ELEMENTS (KOHA) | |
| Source of classification or shelving scheme | Dewey Decimal Classification |
| Koha item type | English Books |
| Classification part | 954.96 |
| Call number suffix | BAL |
| Withdrawn status | Lost status | Damaged status | Not for loan | Home library | Current library | Date acquired | Source of acquisition | Cost, normal purchase price | Total Checkouts | Full call number | Barcode | Date last seen | Date checked out | Copy number | Cost, replacement price | Price effective from | Koha item type |
|---|---|---|---|---|---|---|---|---|---|---|---|---|---|---|---|---|---|
| Central Library | Central Library | 16/12/2015 | Cen Lib/Ret | 400.00 | 2 | 954.56 BAL | B-021620 | 12/01/2022 | 11/01/2022 | 1 | 400.00 | 16/12/2015 | English Books |
